[Event "GER-chT U20 Girls"]
[Site "Braunschweig"]
[Date "2019.12.27"]
[Round "1.7"]
[White "Martin, Anastasia"]
[Black "Nwatu, Emily"]
[Result "1-0"]
[WhiteElo "1235"]
[BlackElo "1141"]
[PlyCount "85"]
[EventDate "2019.12.27"]
[EventType "team-swiss"]
[EventRounds "7"]
[EventCountry "GER"]
[SourceTitle "CBM 194 Extra"]
[Source "ChessBase"]
[SourceDate "2020.03.31"]
[SourceVersion "1"]
[SourceVersionDate "2020.03.31"]
[SourceQuality "1"]
[WhiteTeam "Baden-Baden"]
[BlackTeam "Trier SG"]
[WhiteTeamCountry "GER"]
[BlackTeamCountry "GER"]

1. e4 e6 2. d4 d5 3. e5 c5 4. c3 Nc6 5. Nf3 Qb6 6. Be2 cxd4 7. cxd4 Qb4+ 8. Nc3 Nge7 9. 0-0 Nf5 10. Nb5 Qa5 11. Bd2 Qb6 12. Bc3 Be7 13. Qd2 0-0 14. a4 a6 15. Na3 f6 16. a5 Qc7 17. Qf4 fxe5 18. dxe5 Nh6 19. Qg3 b6 20. Bd2 Nf5 21. Qg4 Nxe5 22. Nxe5 Qxe5 23. Bc3 Qd6 24. Bd3 Bf6 25. Bxf6 Rxf6 26. axb6 Qxb6 27. Qa4 Bb7 28. Rab1 Bc6 29. Qf4 Nh6 30. Qe5 Ng4 31. Qh5 Nh6 32. Nc2 Raf8 33. Qe2 e5 34. Qxe5 Rxf2 35. Nd4 Nf7 36. Qe3 Rxb2 37. Rxb2 Qxb2 38. Nxc6 Qb7 39. Qh3 g6 40. Qe6 Qb6+ 41. Kh1 Qb3 42. Ne7+ Kh8 43. Qf6# 1-0